Quizzes
Events
Quiz Creation
Community
Videos
Private Events
Remove Ads
Sign In
Join for FREE
Feedback
Dark Mode
Quiz Categories
Sports
Geography
Music
Movies
Television
Just For Fun
Miscellaneous
History
Literature
Language
Science
Gaming
Entertainment
Religion
Holiday
For Kids
Quiz Lab
Recent
Popular Today
Quiz Kudos Today
Editor Picks
Curator Picks
Quizzes by...
Day
Popularity
Type
Ratings
Length
Year
Community
Subscriptions
Recent Discussions
Orange Saloon
Badges
Playlists
Quests
Create
Leaderboards
Showdown
Live 5
Trivia Bingo
Activity
Puzzle Library
Sporcle Events
Private Events
Virtual Trivia
Globe League
Become a Host
Pub Owners
SporcleCon
Opinionation
Our Games
Videos
Blog
Mobile Apps
Partnerships
Remove Ads and Go Orange
Feedback
Music
Pop Music
The Beatles
Song
Album
Lyrics
Bands
Singers
Artist
Clip
Rock
Rap
Classical
Billboard
Country Music
Kpop
Taylor Swift
Music
Pop Music
The Beatles
Song
Album
Lyrics
Bands
Singers
Artist
Clip
Rock
Rap
Classical
Billboard
Country Music
Kpop
Taylor Swift
Random Quiz
Search Sporcle
×
Quiz Lab
Quiz Lab
Music
Billboard
Type in answers that appear in a list
Type in answers that appear in a list
Classic
Best Score? Go Orange.
Number One Hits of 2000 Stats
Can you name the number one hits of 2000?
By
RihannaFan
4m
19 Questions
44 Plays
44 Plays
44 Plays
Comments
Comments
Give Quiz Kudos
Give Quiz Kudos
-
- Ratings
hide this ad
Replay
Link that replays current quiz
Next Quiz
Link to next quiz in quiz playlist
You Got
0%
They Got
Avg Score
46%
Avg Friend Score
Upgrade to see
Score Distribution
Jump to the score distribution portion of the page
Score
0/19
Timer
04:00
0
Plays Today
Artist
Number One Hit
% Correct
Santana featuring Rob Thomas
Smooth
90.9%
Lonestar
Amazed
68.2%
Destiny's Child
Say My Name
59.1%
Creed
With Arms Wide Open
56.8%
Christina Aguilera
What a Girl Wants
50%
Savage Garden
I Knew I Loved You
50%
Savage Garden
I Knew I Loved You
50%
Santana feat. The Product G&B
Maria Maria
50%
Madonna
Music
50%
Aaliyah
Try Again
45.5%
Artist
Number One Hit
% Correct
Vertical Horizon
Everything You Want
43.2%
Christina Aguilera
Come on Over Baby (All I Want Is You)
40.9%
Destiny's Child
Independent Women Part I
40.9%
Matchbox Twenty
Bent
36.4%
'N Sync
It's Gonna Be Me
36.4%
Janet Jackson
Doesn't Really Matter
34.1%
Mariah Carey feat. Joe and 98 Degrees
Thank God I Found You
31.8%
Enrique Iglesias
Be with You
25%
Sisqó
Incomplete
25%
Quiz Playlist
Details
Report
Send in Message
Add To Playlist
Classic:
Type in answers that appear in a list
Last Updated: Feb 16, 2017
Quiz Scoreboard
CHALLENGE
Sign Up to Join the Scoreboard
Show All
Scores
Hide
Comments
May contain spoilers
Recently Published
Pick 6: Fruits
by JohnFran
Miscellaneous
15s
Click the 1999 NBA Draft
by nibperrychub
Sports
2m
Alphabetical 'K' Countries by Flag Minefield
by ylime102
Geography
3m
More to Explore
Quiz From the Vault
Featured Blog Post
15 Basketball Trivia Facts You Can Be March Mad About
hide this ad
You Might Also Like...
Tags
Billboard Quiz
chart
Chart Topping
Today's Top Quizzes in Music
Browse Music
hide this ad
Today's Top Quizzes in Billboard
Browse Billboard
Top Contributed Quizzes in Music
1
Taylor Swift All Songs (2024)
2
KPOP LOGIC QUIZ
3
A Taylor Swift Logic Puzzle
4
K-Pop Murder Mystery Logic Quiz
5
Taylor Swift Logic Puzzle
6
Guess the Taylor Swift song (Mystery Song)
7
Guess The Taylor Swift Lyrics Song #1
8
NCT 2020 Logic Puzzle
9
Joni Mitchell—'Car on a Hill' Lyrics
10
kpop group name match up
Explore More
Trending Topics
Harry Potter
Crossword
Marvel
Kpop
NBA
Anime
Disney
Country
NFL
Soccer
WWE
The Office
Song
Puzzle
Pokémon
hide this ad
More By:
RihannaFan
Quiz
Plays
Rating
Category
Featured
Created
Drake Number One Rap Singles
831
4.00
Music
Dec 5, 2011
Rihanna Lead Singles
477
4.50
Music
Nov 7, 2011
Languages That Use the Arabic Script
380
3.60
Language
Nov 7, 2011
Young Money Number One Rap Singles
204
4.00
Music
Dec 5, 2011
Number One Hits of 2012
160
4.00
Music
Jan 23, 2012
Go to Creator's Profile
Score Distribution
Quiz Creator Spotlight
RihannaFan
Follow
Send a Message
Quizzes Created
-
Created Quiz Play Count
-
More By This Creator
Popular Quizzes Today
1
Find the US States - No Outlines Minefield
2
Countries of Asia Without Outlines Minefield
3
Pick 6: Fruits
4
Alphabetical 'K' Countries by Flag Minefield
5
The Countries of the World
6
Find the US States
7
Match the Book to the Film X
8
US States
More Music Quizzes
What are your favorite K-Pop groups? [Survey]
Quiz Lab
Trending Quizzes
Pick 6: Mountains
Pick 6: Harry Potter
Pick 6: NFL Teams
Pick 6: Movie Franchises
Pick 6: Golfers
Recently Updated
NWSL Teams
pecheneg
Women's Final Four Teams by Year
bhenderson79
Presidents Quartet II
eogle
Anything But Clue(do)
eogle
Anything But Oceanian Capitals
eogle
Anything But 7
eogle
Anything But Thing
eogle
Word Ladder: February 29
pecheneg
Song Title Questions
pecheneg
Women's NCAA Tournament #1 Seeds
pecheneg
Trending Topics
Crossword
Harry Potter
Marvel
NBA
Kpop
Disney
Anime
Song
Soccer
WWE
The Office
NFL
Country
Puzzle
Pokémon
Your Account Isn't Verified!
In order to create a playlist on Sporcle, you need to verify the email address you used during registration. Go to your
Sporcle Settings
to finish the process.
Report this User
Report this user for behavior that violates our
Community Guidelines
.
Details:
Send Report
Go to the Sporcle.com Mobile Site →
Comments